LIBRARY & INFORMATION CENTRE, KCAET, TAVANUR

ONLINE PUBLIC ACCESS CATALOGUE (OPAC)

Normal view MARC view
  • .

Entry Personal Name

Number of records used in: 1

001 - CONTROL NUMBER

  • control field: 1500

003 - CONTROL NUMBER IDENTIFIER

  • control field: OSt

005 - DATE AND TIME OF LATEST TRANSACTION

  • control field: 20160924162728.0

008 - FIXED-LENGTH DATA ELEMENTS

  • fixed length control field: 160924|| aca||aabn | a|a d

040 ## - CATALOGING SOURCE

  • Original cataloging agency: OSt
  • Transcribing agency: OSt

100 ## - HEADING--PERSONAL NAME

  • Personal name: .

670 ## - SOURCE DATA FOUND

  • Source citation: Work cat.: (OSt)7: ., Phytochemical Diversity: A Source of New Industrial Products , 1997.
free website counter